000 00774cab a2200241 4500
001 WB3506-53
008 090401t1999 xxu||||| |||| 00| 0 eng d
035 _a(Sirsi) u91249
041 _aeng
245 _aLabour walks away from right to roam
260 _c1999
350 _a0
490 _aGuardian
_v10 February 1999, 1(1)
520 _aMinisters are preparing to sabotage a private member`s bill proposing a statutory right to roam. Instead they will try to substitute legislation based on voluntary access agreements.
650 _aACCESS TO THE COUNTRYSIDE
650 _aGOVERNMENT POLICY
650 _aOPEN COUNTRYSIDE
650 _aRAMBLERS` ASSOCIATION
650 _aRIGHT TO ROAM
690 _aRURAL PRACTICE
942 _n0
948 _c11/02/1999
999 _c57903
_d57903